Loading...

Modern economics: an introduction for business and professional students

Bibliographic Details
Main Author: Harvey, Jack
Format: Printed Book
Published: London, Macmillan, ELBS, 1969.
Subjects:
LEADER 00496nam a2200145 4500
020 |a 0333100824 
082 0 0 |a 330  |b HAR/M 
100 1 |a Harvey, Jack, 
245 1 0 |a Modern economics:  |b an introduction for business and professional students 
260 |a London,  |b Macmillan,  |b ELBS,  |c 1969. 
300 |a 523 p. 
650 0 |a Economics. 
942 |c BK 
999 |c 97625  |d 97625 
952 |0 0  |1 0  |4 0  |6 330_000000000000000_HAR_M  |7 0  |9 90690  |a SSS  |b SSS  |c GEN  |d 2011-11-09  |g 308.55  |l 0  |o 330 HAR/M  |p SSS01775  |r 2011-11-09  |w 2016-10-27  |y BK